|
|
|
|
| LEADER |
00000nab#a22000007a#4500 |
| 001 |
arbauad029738 |
| 003 |
AR-BaUAD |
| 005 |
20250711112413.0 |
| 008 |
880202|||||||||###||||||b###|0###a|spa|| |
| 040 |
|
|
|a AR-BaUAD
|c AR-BaUAD
|b spa
|
| 100 |
|
|
|a Peters, David
|
| 245 |
|
|
|a Branding /
|c David Peters;
|
| 300 |
0 |
|
|b fot.
|
| 500 |
|
|
|a Artículo sobre las campañas publicitarias realizadas por la agencia Wieden & Kennedy de los Estados Unidos.
|
| 653 |
|
|
|a DISEÑO GRAFICO
|
| 653 |
|
|
|a PUBLICIDAD
|
| 653 |
|
|
|a ESTUDIOS PROFESIONALES
|
| 653 |
|
|
|a DISEÑADORES GRAFICOS
|
| 653 |
|
|
|a WIEDEN-KENNEDY
|
| 653 |
|
|
|a NAKATA, ROBERT
|
| 653 |
|
|
|a KOEPKE, GARY
|
| 653 |
|
|
|a LOUWE, HARMINE
|
| 653 |
|
|
|a MARCAS
|
| 653 |
|
|
|a ESTADOS UNIDOS
|
| 653 |
|
|
|a OREGON
|
| 653 |
|
|
|a PORTLAND
|
| 653 |
|
|
|a AGENCIAS DE PUBLICIDAD
|
| 653 |
|
|
|a CAMPAÑAS PUBLICITARIAS
|
| 653 |
|
|
|a AFICHES
|
| 653 |
|
|
|a TAPAS DE REVISTAS
|
| 653 |
|
|
|a CORTOS PUBLICITARIOS
|
| 773 |
0 |
|
|t EYE
|g no. 26 [1997], p. 44-51
|
| 942 |
|
|
|c ARTI
|
| 952 |
|
|
|0 0
|1 0
|4 0
|7 0
|9 74657
|a AR-BAuAD
|b AR-BAuAD
|d 2025-07-11
|l 0
|p AAQA029738
|r 2025-07-11 11:24:13
|w 2025-07-11
|y ARTI
|
| 990 |
|
|
|a DG199
|b TD
|
| 998 |
|
|
|a AAQ
|b BIBUN76
|
| 999 |
|
|
|c 54330
|d 54330
|